| 000 | 00708nam a22002537a 4500 | ||
|---|---|---|---|
| 001 | 000360 | ||
| 003 | DO-SdBNP | ||
| 005 | 20180124151558.0 | ||
| 007 | 000360 | ||
| 008 | 160706b 2007 mx xxu||||| |||| 00| 0 spa d | ||
| 020 | _a9788496778702 | ||
| 040 |
_aBPMSU _bspa _cBPMSU |
||
| 092 |
_axxxxxx _bxxxxxx |
||
| 100 | 1 | _aBrady, Joan | |
| 240 | 1 | 0 |
_aGod on a Harley. _lEspañol |
| 245 | 1 | 0 |
_aDios vuleve en una Harley / _cJoan Brady ; traducción, Rosa Arruti. |
| 260 |
_aMéxico, D.F. : _bZeta Bolsillo, _c2007. |
||
| 300 |
_a167 p. ; _c21 cm. |
||
| 500 | _a"Edición limitada" | ||
| 700 | 1 | 2 | _aArruti, Rosa |
| 942 |
_2ddc _cBK |
||
| 945 | _aInventariado, 2018 / YL | ||
| 956 |
_aLPEREZ _b10 _cBPMSU |
||
| 999 |
_c10705 _d10705 |
||